000 00745nam a22002417a 4500
999 _c10394
_d10394
001 10394
003 BD-JhCC
005 20180425104830.0
008 180425b2013 bg ||||| |||| 00| 0 eng d
020 _a9840750852
035 _a(BD-JhCC)10394
040 _aBD-JhCC
_dBD-JhCC
041 _aeng
082 _a410
_bBAN 2013
245 _aবাংলা একাডমী বিবর্তনমূলক বাংলা অভিধান /
_cগোলাম মুরশিদ
260 _aঢাকা :
_bবাংলা একাডেমী,
_c2013.
300 _a1128 p. :
_c32 cm.
650 _aDictionary
651 _aBangla Language
700 _qমুরশিদ, গোলাম
942 _2ddc
_cREF